000
00508nam a2200169Ia 4500
008
090711s9999 xx 000 0 und d
082
_b
50786
100
_a
मेहेंदळे कुसुम
245
_a
पैंज जिंकली
260
_c
1985
300
_a
36
600
_a
मेहेंदळे कुसुम
630
_a
पैंज जिंकली
700
_a
मेहेंदळे कुसुम
730
_a
पैंज जिंकली
942
_c
BOOK
999
_c
322706
_d
322706